Blood money : the story of the U. S. Treasury secret agents /

Bibliographic Details
Main Author: Bellamy, Francis Rufus, 1886-
Format: Book
Language:English
Published: New York : E. P. Dutton, 1947.
Subjects:

MARC

Tag First Indicator Second Indicator Subfields
LEADER 00000cam a2200000 4500
001 in00000056033
005 20151008052347.0
008 741206s1947 nyu 00000 eng u
010 |a  47002639  
035 |a (OCoLC)01100997 
035 |9 AAH2985AM 
040 |c OSU  |d TXA  |d UtOrBLW 
049 |a TXAM  |c [146180] 
050 0 |a JX5313.U6  |b B4 
082 0 |a 341.53 
092 |a 341.53  |b B435b 
100 1 |a Bellamy, Francis Rufus,  |d 1886- 
245 1 0 |a Blood money :  |b the story of the U. S. Treasury secret agents /  |c by Francis Rufus Bellamy. 
264 1 |a New York :  |b E. P. Dutton,  |c 1947. 
300 |a 257 pages ;  |c 21 cm. 
336 |a text  |b txt  |2 rdacontent 
337 |a unmediated  |b n  |2 rdamedia 
338 |a volume  |b nc  |2 rdacarrier 
500 |a [1st. edition]. 
610 1 0 |a United States.  |b Foreign Funds Control. 
650 0 |a Enemy property. 
650 0 |a Trading with the enemy. 
650 0 |a World War, 1939-1945  |x Economic aspects  |z United States. 
999 |a MARS 
999 f f |s 6a4c8c7f-aff5-3f6d-b8c9-e1e2052a47cf  |i 00259861-ad60-342a-ae9a-ff24a7749473  |t 0 
952 f f |p ric  |a Texas A&M University  |b Rellis Campus  |c Joint Library Facility  |d Remote Storage  |t 0  |e JX5313.U6 B4  |h Library of Congress classification  |i unmediated -- volume  |m A14800784805 
998 f f |a JX5313.U6 B4  |t 0  |l Remote Storage